000 00440nam a2200145Ia 4500
003 OSt
005 20260123105018.0
008 211028s2016 xx 000 0 und d
040 _cAIMIT LIBRARY
041 _aeng
100 _aD Souza, Jeevan; Sumitha, P V.
_g1416062
_97484
245 _aStudy on customer perception towards ST Joseph ambulance services in Mangalore city /
260 _aMangalore
_bSumitha P V.
_c2016
942 _2ddc
_cPRO
999 _c219052
_d219052